000 00568nam a2200169 a 4500
001 000008138
005 20240301141933.0
008 090915s2000 dr r 001 0 spa d
040 _aDO-SdBNP
_bspa
_cBNPHU
082 _axxxx
_bV468a
100 1 _aVentura, Carlos
_922086
245 1 3 _aEl arrendamiento urbano en la República Dominicana /
_cCarlos Ventura, prólogo Mariano Germán Mejía.
260 _aSanto Domingo :
_bLa Abeja,
_c2000.
300 _a201 p.
590 _aInventariado, 2019/BT
700 1 _aGermán M., Mariano,
_d1946-
_q(Germán Mejía)
_epról.
_99311
999 _c7915
_d7915